Statistiques concernant Etats des Etats Unis commençant par la lettre "M"

Cliquez ici pour prendre le quiz!

Statistiques générales

  • Ce quiz a été pris 419 fois
  • Le résultat moyen est 6 sur 8

Statistiques - réponses

Réponse% Correct
Missouri
84%
Maine
83%
Minnesota
81%
Montana
81%
Michigan
80%
Maryland
79%
Mississippi
73%
Massachusetts
57%

Distribution des résultats

Percentile par nombre de réponses

% des personnes avec chaque résultat

Votre développement - résultats

Vous n’avez pas pris ce quiz